| 000 -LEADER |
| fixed length control field |
00978nam a22000977a 4500 |
| 008 - FIXED-LENGTH DATA ELEMENTS--GENERAL INFORMATION |
| fixed length control field |
160502b xxu||||| |||| 00| 0 eng d |
| 100 ## - MAIN ENTRY--AUTHOR'S NAME |
| Author's Name |
Trojan, Martin |
| 245 ## - TITLE STATEMENT |
| Title |
Katalog Protektorat Cechy a Morava, Slovensky stat, Sudety |
| Remainder of title |
Catalog of postage stamps of the Protectorate of Bohemia and Moravia, Slovakia, and the Sudenland |
| 260 ## - PUBLICATION, DISTRIBUTION, ETC. (IMPRINT) |
| Place of publication, distribution, etc. |
Prague |
| Name of publisher, distributor, etc. |
Filatelie Trojan |
| Date of publication, distribution, etc. |
1995 |
| 650 ## - TOPICAL TERM (Tag) |
| Topical term or geographic name |
Czechoslovakia -- Bohemia and Moravia | Slovak Republic (1939-1945) | Germany -- Occupation of Bohemia and Moravia | Germany -- Occupation of Czechoslovakia | Czechoslovakia -- Sudetenland | Catalogs and Price Lists | Production | Errors and Varieties | Printing | Plate Blocks and Numbers | Plates and Plating | Postal Issues | Postal Stationery | Cards | Reply Cards | Reply Cards and Envelopes | Letter Cards | Telegrams | Postal Forms | International Reply Coupons | Overprints and Surcharges | Occupation Issues | Postal Markings | Anniversaries, Celebrations, etc. | Postal Rates | Bibliographies |